MARC details
| 000 -LEADER |
| campo de control de longitud fija |
01693nam a2200229 a 4500 |
| 003 - IDENTIFICADOR DE NÚMERO DE CONTROL |
| campo de control |
SpMaBN |
| 005 - FECHA Y HORA DE LA ÚLTIMA TRANSACCIÓN |
| campo de control |
20260526193201.0 |
| 008 - DATOS DE LONGITUD FIJA--INFORMACIÓN GENERAL |
| campo de control de longitud fija |
120509s2025 ag | |||| 000 f spa |
| 020 ## - NÚMERO INTERNACIONAL ESTÁNDAR DEL LIBRO |
| Número Internacional Estándar del Libro |
9786316691606 |
| 040 ## - FUENTE DE CATALOGACIÓN |
| Centro catalogador/agencia de origen |
SpMaBN |
| Centro/agencia transcriptor |
SpMaBN |
| Normas de descripción |
rdc |
| 041 1# - Idioma |
| Código de lengua del texto/banda sonora o título independiente |
spa |
| Código de lengua original |
jpn |
| 082 0# - Número Dewey (CDD) |
| Número de clasificación |
895.636 |
| Número de ítem |
K223.E 2025 |
| 100 1# - ENTRADA PRINCIPAL--NOMBRE DE PERSONA |
| Nombre de persona |
Kawakami, Mieko, |
| Fechas asociadas al nombre |
1976- |
| 9 (RLIN) |
1677 |
| 240 10 - Título Normalizado |
| Título uniforme |
Subete mayonaka no koibitotachi. |
| Lenguaje de la obra |
Español |
| 245 14 - MENCIÓN DEL TÍTULO |
| Título |
Los amantes de la noche / |
| Mención de responsabilidad, etc. |
Mieko Kawakami; traducción del japonés por Lourdes Porta. |
| 250 ## - MENCION DE EDICION |
| Mención de edición |
1a ed. |
| 260 ## - PUBLICACIÓN, DISTRIBUCIÓN, ETC. |
| Lugar de publicación, distribución, etc. |
Buenos Aires : |
| Nombre del editor, distribuidor, etc. |
Seix Barral, |
| Fecha de publicación, distribución, etc. |
2025. |
| 520 ## - RESUMEN, ETC. |
| Sumario, etc. |
Fuyuko Irie es una correctora freelance de treinta y cuatro años. Vive sola y no tiene contacto con nadie, excepto con su editora, Hijiri. Su reflejo le devuelve la imagen de una mujer que no ha tomado las riendas de su vida. Su única fuente de consuelo es la luz: cada Nochebuena, Fuyuko sale a observar las luces que llenan la noche de Tokio. Pero es el encuentro fortuito con un hombre llamado Mitsutsuka lo que despierta algo nuevo en ella; un cambio que, sin embargo, hace aflorar dolorosos recuerdos y puede desestabilizarla aún más.<br/>Los amantes de la noche es una puerta abierta al peculiar universo de Mieko Kawakami y una radiografía tan delicada como perspicaz del mundo laboral que indaga en la complejidad de las relaciones humanas a través de la historia de una mujer que no sabe construirlas. Una novela valiente que aborda temas como la realización personal, la soledad o la presión patriarcal, pero que también conmueve e inspira al lector al invocar y desafiar todos los prejuicios. |
| 650 #7 - Temas - Palabras clave |
| Término de materia o nombre geográfico como elemento de entrada |
Narrativa japonesa |
| Fuente del encabezamiento o término |
descriptor local |
| -- |
1368 |
| 655 #0 - GÉNERO |
| Datos o término principal de género/forma |
Novela |
| -- |
1469 |
| 942 ## - ELEMENTOS DE ENTRADA SECUNDARIOS (KOHA) |
| Fuente del sistema de clasificación o colocación |
Clasificación Decimal Dewey |
| Tipo de ítem Koha |
Libros Español-Inglés |
| 999 ## - |
| -- |
939 |
| -- |
939 |